00425nam a2200133Ia 450000500170000000800410001702000150005808200130007310000150008624500680010126000590016930000170022850000460024520250422015556.0240331s9999 xx 000 0 und d a8123400322 bJAIa200 aJaiswal, S 0aVynavthim thottamum valarchchiyum :bvaishnavisham AD300-AD500- aNew DelhibIndian Council of Historical Researchc1991 aXV, 475 p ., aVainava samaiayathin arambamum valarchium